000 00477nam a22001457a 4500
005 20150428104303.0
008 150428b xxu||||| |||| 00| 0 eng d
040 _cPK-LaUMT
082 _aKHC 954.9205
_bENA-H
100 _aعنایت اللہ
245 _aہماری شکست کی کہانی
_bمشرقی پاکستان کس نے الگ کیا ؟ کیوں کیا؟
_cعنایت اللہ
260 _aلاہور
_bمکتہ داستان
_c1990
300 _a320 ص
942 _cBK
999 _c70517
_d70517